000 01004nam a2200265Ia 4500
003 OSt
005 20210825091857.0
008 210310s1953 mx ad gr 000 0 spa d
040 _aCO-JMCR
_cCO-JMCR
041 1 _aspa
_heng
082 0 4 _a338.54 /
_bE799t
_223
100 1 _aJ.A. Estey,
_eautor
_927829
245 1 0 _aTratado sobre los ciclos económicos /
_cJ. A. Estey ; traducción de Enrique Padilla
250 _aSegunda edición
260 _aMéxico :
_bFondo de Cultura Económico,
_c1953.
300 _a534 páginas :
_bilustraciones y graficas en blanco y negro ;
_c21 cm.
490 0 _aSección de obras de economía :
_aCiclos económicos
500 _aIncluye índice analítico y notas a pie de página.
505 0 _aDescripción. -- Teoría del ciclo. -- Estabilización.
650 1 4 _aTeorías de subconsumo
_939656
650 2 4 _aEl ahorro y la inversión
_939657
650 2 4 _aTeoría monetaria
_94782
700 1 _aPadilla, Enrique,
_etraductor
_939658
942 _2ddc
_cBK
999 _c12293
_d12293